| 000 | 01349ntm a22004217a 4500 | ||
|---|---|---|---|
| 005 | 20251024142659.0 | ||
| 008 | 180307b2014 xxu||||| |||| 00| 0 spa d | ||
| 020 | _a9789587622300 | ||
| 041 | _aESP | ||
| 082 | _a302.224.2 L953c | ||
| 100 | _aLuján Mora, Sergio | ||
| 245 | _aLa comunicación oral: claves para realizar buenas presentaciones | ||
| 260 | _aColombia | ||
| 260 | _bEdiciones de la U | ||
| 260 | _c2014 | ||
| 300 | _a229 páginas | ||
| 490 | _aTemática General | ||
| 505 | _aParte I. Antes de la presentació. Parte II. Durante la presentación. parte III. Después de la presentación. | ||
| 650 | _aCOMUNICACIÓN ORAL | ||
| 650 | _aPRESENTACIONES | ||
| 650 | _aBENEFICIOS DE LOS PROGRAMAS DE PRESENTACIÓN | ||
| 650 | _aLOS PELIGROS DE LAS PRESENTACIONES | ||
| 650 | _aREGLA 10/20/30 DE POWERPOINT | ||
| 650 | _aANTES DE LA PRESENTACIÓN | ||
| 650 | _aLAS DIAPOSITIVAS DE LA PRESENTACIÓN | ||
| 650 | _aDISEÑO VISUAL | ||
| 650 | _aTIPO DE LETRA ADECUADO PARA LAS PRESENTACIONES | ||
| 650 | _aCOLORES | ||
| 650 | _aEL MATERIAL MULTIMEDIA | ||
| 650 | _aEL SOPORTE DE LA PRESENTACIÓN | ||
| 650 | _aENSAYA | ||
| 650 | _aLA PREPARACIÓN | ||
| 650 | _aLOS NERVIOS | ||
| 650 | _aCONFIANZA EN TI MISMO | ||
| 650 | _aDESPUÉS DE LA PRESENTACIÓN | ||
| 650 | _aDIFUSIÓN | ||
| 942 |
_cBK _2ddc |
||
| 999 |
_c10401 _d10401 |
||